000 01601nam a2200349 i 4500
003 EG-GICUC
005 20260416110205.0
008 260220s19361355ua ||f |||| 00| 0 ara d
017 _a1000/1936/15
040 _a EG-GICUC
_bara
_c EG-GICUC
_d EG-GICUC
_erda
041 _aara
082 0 4 _221
_a343.16331
_bم ح . م
092 0 4 _221
099 _aLaw1 10 343.16331 م ح . م 1 ed - 1936
100 0 _aمحمود أحمد عمر
_eمؤلف.
245 1 0 _aمجموعة القواعد القانونية التي قررتها محكمة النقض والإبرام في المواد الجنائية.
_nالجزء الثالث،
_pعن المدة من 7 نوفمبر سنة 1932 وبين 26 أكتوبر سنة 1936 /
_cوضعها محمود أحمد عمر؛ راجعها الأستاذ احمد أمين بك.
250 _aالطبعة الأولى
264 1 _aالقاهرة :
_bمطبعة دار الكتب المصرية ،
_c1936.
300 _a669 ؛ صفحة
_c24 سم.
_bإيضاحيات، صور، مثيليات ؛
336 _2rda content
_atext
337 _2rda media
_aComputer
338 _2rda carrier
_aOnline Resource
504 _aيشتمل على إرجاعات ببليوجرافية
546 _aالنص باللغة العربية
650 1 _aالقانون الجنائي
_2qrmak
650 1 _aالقواعد العامة في تطبيق العقوبات
_2qrmak
651 1 _2qrmak
700 _aسيد مصطفى بك
_eمراجع.
856 4 0 _uhttps://fll.law.cu.edu.eg/fulltext/bks/B10-08461.pdf
905 _a43
_eYara
942 _2ddc
_cBK
_e21
_n0
999 _c63907
_d63907